| 000 | 00000nam##2200000za#4500 |
| 001 | 9.643521 |
| 003 | CaOODSP |
| 005 | 20210624224216 |
| 007 | cr ||||||||||| |
| 008 | 150407|2004||||xxc|||||o f|0| 0 fre|d |
| 040 | |aCaOODSP|bfre |
| 043 | |an-cn--- |
| 086 | 1 |aR74-7/2004F-PDF |
| 110 | 1 |aCanada.|bAffaires indiennes et du Nord. |bDivision des ressources hydriques. |
| 245 | 10|aCalcul de l'évaporation à la mine Salmita-Tundra, 1993 à 2004 / |h[ressource électronique]|c[par] Robert Reid. |
| 260 | |aYellowknife - Territoires du Nord-Ouest : |bAffaires indiennes et du Nord. |cNovembre 2004. |
| 300 | |a13p.|bfigure, carte, références, tableaux |
| 590 | |a15-02-Supp|b2015-02-16 |
| 691 | 07|aGestion de l'eau|2gcpds |
| 691 | 07|aIndustrie minière|2gcpds |
| 775 | 08|tEvaporation calculations at the Salmita-Tundra mine site, 1993 to 2004 / |w(CaOODSP)9.699491 |
| 856 | 40|ahttp://publications.gc.ca|qPDF|s313 Ko|uhttps://publications.gc.ca/collections/collection_2014/aadnc-aandc/R74-7-2004-fra.pdf |